| 000 | 01426nam a22002057a 4500 | ||
|---|---|---|---|
| 001 | 5758 | ||
| 003 | FISKH | ||
| 005 | 20250120163207.0 | ||
| 008 | 250120b cb ||||| |||| 00| 0 eng d | ||
| 020 | _a9781107626065 | ||
| 040 |
_aFISKH _beng _cFISKH _dFISKH |
||
| 082 | _a500 | ||
| 100 | _aJones, Mary | ||
| 245 |
_aCambridge Checkpoint Science Coursebook 9 / _cBy Mary Jones, Diane Fellowes-Freeman and David Sang |
||
| 260 |
_aCambridge : _bCambridge University Press ; _c2013. |
||
| 300 |
_a188 pages : _bcolor illustrations ; _c28 cm . |
||
| 520 | _aWritten by well-respected authors, the Cambridge Checkpoint Science suite provides a comprehensive, structured resource which covers the full Cambridge Secondary 1 framework and seamlessly progresses into the next stage. This engaging course supports teaching of the Science framework both theoretically and practically, with full coverage of the Scientific Enquiry framework integrated throughout the series. This Coursebook for Stage 9 gives a thorough introduction to the concepts, and offers a wealth of ideas for hands-on activities to make the subject matter come to life. Integrated review of topics from Stages 7 and 8 as well as full coverage of the Stage 9 content provides preparation for the Cambridge Checkpoint Science test and a solid foundation for progression into the Cambridge IGCSE Sciences. | ||
| 700 |
_aSang, David _eauthor |
||
| 942 |
_2ddc _cBK _n0 |
||
| 999 |
_c5758 _d5758 |
||